000 01192cam a2200325 i 4500
001 14553910
003 EG-ScBUE
005 20241109154848.0
008 060915t2007 ma a f b 001 0 eng d
020 _a9780123736352 (pbk. : acidfree paper)
020 _a0123736358 (pbk. : acidfree paper)
035 _a(OCoLC)ocm71552484
035 _a(OCoLC)71552484
040 _aDLC
_beng
_erda
_cDLC
_dBAKER
_dC#P
_dYDXCP
_dXVF
_dDLC
_dEG-ScBUE
082 0 4 _a519.2
_222
_bROS
100 1 _aRoss, Sheldon M.,
_eauthor.
_97348
245 1 0 _aIntroduction to Probability Models /
_cSheldon M. Ross, University of California, Berkeley, California.
250 _aNinth edition.
264 1 _aBurlington, MA :
_bAcademic Press,
_c[2007]
264 4 _cc2007
300 _axviii, 782 pages :
_billustrations ;
_c24 cm
336 _2rdacontent
_atext
_btxt
337 _aunmediated
_2rdamedia
_bn
338 _avolume
_bnc
_2rdacarrier
504 _aIncludes bibliographical references and index.
650 7 _aProbabilities.
_2BUEsh
_97349
655 _vReading book
942 _2ddc
_cBB
999 _c12145
_d12145